| 000 | 00846cab a2200265 4500 | ||
|---|---|---|---|
| 001 | WB3314-84 | ||
| 008 | 090401t1997 xxu||||| |||| 00| 0 eng d | ||
| 035 | _a(Sirsi) u77660 | ||
| 041 | _aeng | ||
| 245 | _aTax on sunshine homes | ||
| 260 | _c1997 | ||
| 350 | _a0 | ||
| 490 |
_aGuardian _v8 April 1997, 5 |
||
| 490 |
_aHousing Today _v(28) 10 April 1997, 2(1) |
||
| 520 | _aA Cornish council is considering a purchase tax on migrants, to help fund housing schemes for locals who have been forced out of the rising market. This idea has been condemned as `unfeasible` by housing professionals. | ||
| 650 |
_aAffordable housing _96215 |
||
| 650 | _aCORNWALL | ||
| 650 | _aHOUSE PRICES | ||
| 650 | _aHOUSE PURCHASE | ||
| 650 | _aMIGRATION TAX | ||
| 650 | _aPURCHASE TAX | ||
| 690 | _aTAXATION | ||
| 942 | _n0 | ||
| 948 | _c08/04/1997 | ||
| 999 |
_c48812 _d48812 |
||